| 000 | 00521nam a2200169 i 4500 | ||
|---|---|---|---|
| 001 | 150105 | ||
| 003 | ES-MaACL | ||
| 005 | 20230906203359.0 | ||
| 007 | t| | ||
| 008 | 071026s1962 sp ||||1| spa d | ||
| 100 | 1 |
_aValls Gorina, Manuel. _9112941 |
|
| 245 | 1 | 3 |
_aLa música española después de Manuel de Falla / _cManuel Valls Gorina. |
| 260 |
_aMadrid : _bRevista de Occidente, _c[1962] |
||
| 300 |
_a314 p., 6 h. de lám. ; _c19 cm. |
||
| 650 | 4 |
_aMúsica española- _yS.XX. _9148330 |
|
| 852 |
_aES-MaACL _jC-22079 |
||
| 999 |
_c150105 _d150105 |
||